000 00209nam a22000977a 4500
003 SGT
245 _aINTERNATIONAL OF INFORMATION TECHNOLOGY & ENGINEERING
260 _c2014
300 _a132
942 _2ddc
_cBV
999 _c20367
_d20367